Catálogo
 En Linea

Autógrafos de Cristobal Colón y papeles de américa. : (Registro nro. 34121)

Detalles MARC
000 -CABECERA
campo de control de longitud fija 00453nam a2200133 a 4500
001 - NÚMERO DE CONTROL
campo de control 000034630
005 - FECHA Y HORA DE LA ÚLTIMA TRANSACCIÓN
campo de control 20200930073815.0
008 - DATOS DE LONGITUD FIJA--INFORMACIÓN GENERAL
campo de control de longitud fija 111011s1892 sp 000 0 spa d
040 ## - FUENTE DE LA CATALOGACIÓN
Centro catalogador/agencia de origen DO-SdBNP
Lengua de catalogación spa
Centro/agencia transcriptor BNPHU
082 ## - NÚMERO DE LA CLASIFICACIÓN DECIMAL DEWEY
Número de clasificación xxx
Número de documento/Ítem A939
245 00 - MENCIÓN DE TÍTULO
Título Autógrafos de Cristobal Colón y papeles de américa. :
Resto del título los publica la Duquesa de Berwick y de Alba condesa de Siruela.
260 ## - PUBLICACIÓN, DISTRIBUCIÓN, ETC.
Lugar de publicación, distribución, etc. Madrid, :
Nombre del editor, distribuidor, etc. Sucesores de Rivadeneyra,
Fecha de publicación, distribución, etc. 1892.
300 ## - DESCRIPCIÓN FÍSICA
Extensión 203 p. ;
Dimensiones 32 cm.
Existencias
Estado de retiro Estado de pérdida Restricciones de uso No para préstamo Código de colección Localización permanente Ubicación/localización actual Ubicación en estantería Fecha de adquisición Número de inventario Total de préstamos Signatura topográfica completa Código de barras Fecha visto por última vez Precio válido a partir de Tipo de ítem Koha Número de copia
      Excluido de préstamo Raros y valiosos General General En catalogación 11.10.2011 LF1   xxx A939 34630-10 25.06.2020 25.06.2020 No se presta  
      Excluido de préstamo Raros y valiosos General General En catalogación 11.10.2011 LF1   xxx A939 34630-20 25.06.2020 25.06.2020 No se presta e. 2
      Excluido de préstamo Raros y valiosos General General En catalogación 13.10.2011 LF1   xxx A939 34630-30 25.06.2020 25.06.2020 No se presta e. 3
      Excluido de préstamo Raros y valiosos General General En catalogación 13.10.2011 LF1   xxx A939 34630-40 25.06.2020 25.06.2020 No se presta e. 4

Con tecnología Koha